<?xml version="1.0" encoding="UTF-8"?><?xml-stylesheet type="text/xsl" href="static/style.xsl"?><OAI-PMH xmlns="http://www.openarchives.org/OAI/2.0/" xmlns:xsi="http://www.w3.org/2001/XMLSchema-instance" xsi:schemaLocation="http://www.openarchives.org/OAI/2.0/ http://www.openarchives.org/OAI/2.0/OAI-PMH.xsd"><responseDate>2026-04-13T14:19:32Z</responseDate><request verb="GetRecord" identifier="oai:www.recercat.cat:2072/428552" metadataPrefix="marc">https://recercat.cat/oai/request</request><GetRecord><record><header><identifier>oai:recercat.cat:2072/428552</identifier><datestamp>2025-10-10T01:49:12Z</datestamp><setSpec>com_2072_98</setSpec><setSpec>col_2072_378192</setSpec></header><metadata><record xmlns="http://www.loc.gov/MARC21/slim" xmlns:dcterms="http://purl.org/dc/terms/" xmlns:xsi="http://www.w3.org/2001/XMLSchema-instance" xmlns:doc="http://www.lyncode.com/xoai" xsi:schemaLocation="http://www.loc.gov/MARC21/slim http://www.loc.gov/standards/marcxml/schema/MARC21slim.xsd">
   <leader>00925njm 22002777a 4500</leader>
   <datafield ind2=" " ind1=" " tag="042">
      <subfield code="a">dc</subfield>
   </datafield>
   <datafield ind2=" " ind1=" " tag="720">
      <subfield code="a">Aydin, Cem Iskender</subfield>
      <subfield code="e">author</subfield>
   </datafield>
   <datafield ind2=" " ind1=" " tag="720">
      <subfield code="a">Ozkaynak, Begum</subfield>
      <subfield code="e">author</subfield>
   </datafield>
   <datafield ind2=" " ind1=" " tag="720">
      <subfield code="a">Rodríguez-Labajos, Beatriz</subfield>
      <subfield code="e">author</subfield>
   </datafield>
   <datafield ind2=" " ind1=" " tag="720">
      <subfield code="a">Yenilmez, Taylan</subfield>
      <subfield code="e">author</subfield>
   </datafield>
   <datafield ind2=" " ind1=" " tag="260">
      <subfield code="c">2017</subfield>
   </datafield>
   <datafield ind2=" " ind1=" " tag="520">
      <subfield code="a">Unidad de excelencia María de Maeztu MdM-2015-0552</subfield>
   </datafield>
   <datafield ind2=" " ind1=" " tag="520">
      <subfield code="a">This paper examines conflicts that occur between mining companies and civil society organizations(CSOs) around the world and offers an innovative analysis of mining conflicts from a social network perspective. The analysis showed that, as the number of CSOs involved in a conflict increased, its outcome was more likely to be perceived as a success in terms of environmental justice (EJ); if a CSO was connected to other central CSOs, the average perception of EJ success was likely to increase; and as network distance between two conflicts increased (or decreased), they were more likely to lead to different (or similar) EJ outcomes. Such network effects in mining conflicts have policy implications for EJ movements. It would be a strategic move on the part of successful CSOs to become involved in other major conflicts and disseminate information about how they achieved greater EJ success.</subfield>
   </datafield>
   <datafield ind2="0" ind1="0" tag="245">
      <subfield code="a">Network effects in environmental justice struggles : an investigation of conflicts between mining companies and civil society organizations from a network perspective</subfield>
   </datafield>
</record></metadata></record></GetRecord></OAI-PMH>